عرض عادي
عرض مارك
- Ultrasonic waves
مدخل مصطلح موضوعي
001 - رقم الضبط
- حقل الضبط: 3787
003 - معرف رقم الضبط
- حقل الضبط: OSt
005 - تاريخ ووقت أخر عملية
- حقل الضبط: 20110904152801.0
008 - عناصر بيانات ثابتة الطول
- حقل تحكم ثابت الطول: 110904|||a|||||| | ||| d
040 ## - مصدر الفهرسة
- هيئة الفهرسة الأصلية: OSt
- وكالة الكتابة: OSt
150 ## - مدخل-- مصطلح تاريخي
- عنصر مدخل المصطلح الموضوعي او الاسم الجغرافي: Ultrasonic waves
- تفريع عام: Industrial applications.
670 ## - بيانات المصدر موجوده
- الاستشهاد بالمصدر: Work cat.: (OSt)0: Ultrasound technologies for food and bioprocessing /, c2011.
